000 00675nam a22002657a 4500
001 BR9405659
003 BR-BrBNA
005 20230928094115.0
007 ta
008 230509b bl.||||| |||| 00| 0 por d
040 _aBR-BrBNA
_bpor
_cBiblioteca Nacional de Agricultura
041 _a(Por)
072 _aM12
_b8110
090 _ 8110 BR9405659
110 1 _aCompanhia Energetica de Sao Paulo, SP (Brasil)
_92431
245 1 _aCriacao da carpa
250 1 _a2. ed.
260 3 _aSao Paulo, SP (Brasil):
_c1985.
300 _a12 p.
500 _a6 ref.; 6 illus.
650 _aCarpa
650 _aCriacao
909 _a202309
_bLucia
_c55
_dLucia Elande
942 _cBK
999 _c48895
_d48895